000 00862nam a2200217Ii 4500
003 JO-AjNU
008 230605s9999||||xx |||||||||||||| ||und||
017 _a2000/6/2031
040 _aJO-AjNU
_bara
_erda
_cJO-AjNU
041 _aara
050 1 4 _aHQ1729 .N26 2001
100 3 _aالنقشبندي، بارعة,
_eauthor
_949432
245 0 0 _aالمشاركة السياسية للمرأة في الاردن وبعض الدول العربية
250 _aط1
264 3 1 _aعمان: المؤسسة العربية للدراسات والنشر، 2001
300 _a254ص
_bيحتوي ببلوغرافية وملاحق من ص 231-254ص
336 _atext
_btxt
_2rdacontent
337 _aunmediated
_bn
_2rdamedia
338 _avolume
_bnc
_2rdacarrier
650 4 _aالمرأة - نشاط سياسي - الأردن - البلاد العربية
_949433
999 _aA21711
_c25279
_d25279